000 00322nam a2200133Ia 4500
008 190722s9999 xx 000 0 und d
020 _a978-93-86105-83-7
100 _aNSTA Press
245 4 _aThe Biology Teacher's Handbook
250 _a4th
260 _aNew Delhi
_bViva Press
_c2017
300 _a338
942 _cBK
999 _c1079
_d1079